000 00476 a2200169 4500
003 OSt
005 20240110153513.0
008 240110b |||||||| |||| 00| 0 eng d
020 _a9789382581277
040 _coclc
082 _a297
_bPRI/M
100 _aPrimrose, P V A
_910257
245 _aMALAYALA MADHYAMANGALILE ISLAM /
_cP V A Primrose
260 _aKerala:
_bDa'wa books,
_c2012.
300 _a156p
942 _2ddc
_cBK
_h297
_iPRI/M
_k297
_mPRI/M
999 _c43057
_d43057